Nalaganje...

A Short History of the USSR

Bibliografske podrobnosti
Glavni avtor: Poletayev, Vladimir
Format: Printed Book
Izdano: New Delhi: Sterling, 1976.
Teme:
LEADER 00428nam a22001214a 4500
082 |a 947 
100 |a Poletayev,  |b Vladimir. 
260 |a New Delhi:  |b Sterling,  |c 1976. 
650 |a A Short History of the USSR 
245 |a A Short History of the USSR  |c by Vladimir Poletayev 
942 |c BK 
999 |c 245321  |d 245321 
952 |0 0  |1 0  |4 0  |6 947_000000000000000_POL  |7 0  |8 TB  |9 260674  |a HIS  |b HIS  |d 2020-01-04  |l 0  |o 947 POL  |p HIS7116  |r 2020-01-04  |t 1  |w 2020-01-04  |y BK